Biological treatment of acid drainage waters from a copper mine

Bibliographic Details
Main Authors: Groudeva, V. I. (Author), Groudev, S. N. (Author), Petkova, S. (Author)
Format: Article
Language:Slovak
English
PhysicalDescription:Tab. 2, res. angl., slov., lit. 6 zázn.
ISSN:0369-2086
Subjects:

MARC

LEADER 00000nab a2200000 a 4500
001 vtls000620732
003 SK-MaSNL
005 20260304085529.0
008 250425c1996 xo 0 slo
015 |a SNBRB19rr/mm-uuuuu 
035 |a CL0620871 
035 |a (urnnbn)urn:nbn:sk:snk:ar-005je0 
035 |a (uuid)d656e730-7ee1-4753-9245-f4871eec8e67 
035 |a urn:nbn:sk:snk-ab7zxb 
040 |a SNKBUCL  |b slo  |c SNKBUCL  |e AACR2 
041 0 |a eng 
044 |a xo  |c SK 
080 |a 622.793:628.543.5:622.343  |2 1981 
080 |a 628.543.5  |2 1981 
080 |a 622.343  |2 1981 
100 1 |a Groudeva, V. I.  |4 aut  |9 1379089 
245 1 0 |a Biological treatment of acid drainage waters from a copper mine  |c V. I. Groudeva, S. N. Groudev, S. Petkova 
300 |b Tab. 2, res. angl., slov., lit. 6 zázn. 
650 0 7 |a bane medené  |2 snkbucl  |9 1379090 
650 0 7 |a odpadové vody  |2 snkbucl  |9 66096 
655 7 |a články z novín a časopisov  |2 snkbucl  |9 267496 
700 1 |a Groudev, S. N.  |4 aut  |9 1379091 
700 1 |a Petkova, S.  |4 aut  |9 1299454 
773 0 |t Mineralia slovaca  |g Roč. 28, č. 5 (1996), s. 318-320  |x 0369-2086 
850 |a Slovenská národná knižnica 
852 |a Slovenská národná knižnica 
958 |a article9 
958 |a NB 
958 |a BG 
958 |a RK 
958 |a OND 
958 |a EUIPO 
992 |a RBX 
999 |c 2808439  |d 2810369